[Event "5MCR_4D_2L_3S"]
[Site "?"]
[Date "2002.??.??"]
[Round "?"]
[White "Strnad, Jiri"]
[Black "Kucera, Petr"]
[Result "1-0"]
[WhiteElo "2185"]
[BlackElo "1800"]
[PlyCount "27"]
[EventDate "2002.??.??"]
[EventType "corr"]
[SourceDate "2004.??.??"]

1. e4 c6 2. d4 d5 3. Nc3 b5 4. a3 dxe4 5. Nxe4 Bf5 6. Ng3 Bg6 7. Nf3 Nf6 8. Ne5
e6 9. h4 Bd6 10. h5 Bf5 11. Qf3 Bxe5 12. dxe5 Bg4 13. Qd3 Nbd7 14. exf6 1-0

[Event "5MCR_4D_2L_3S"]
[Site "?"]
[Date "2002.??.??"]
[Round "?"]
[White "Strnad, Jiri"]
[Black "Minovsky, Roman"]
[Result "1-0"]
[WhiteElo "2185"]
[BlackElo "2015"]
[PlyCount "43"]
[EventDate "2002.??.??"]
[EventType "corr"]
[SourceDate "2004.??.??"]

1. e4 e5 2. Nf3 Nc6 3. c3 Nf6 4. d4 Nxe4 5. d5 Nb8 6. Nxe5 Qe7 7. Qd4 Nxc3 8.
Nxc3 d6 9. f4 f6 10. Qa4+ Kd8 11. Be3 Nd7 12. Nc6+ bxc6 13. Kf2 c5 14. Qa5 Nb6
15. b4 cxb4 16. Qxb4 Qf7 17. Bd3 f5 18. Rhe1 Be7 19. Rac1 Bf6 20. Nb5 Nxd5 21.
Qa5 Qd7 22. Bxf5 1-0

[Event "5MCR_4D_2L_3S"]
[Site "?"]
[Date "2002.??.??"]
[Round "?"]
[White "Strnad, Jiri"]
[Black "Necesany, Zdenek"]
[Result "1/2-1/2"]
[WhiteElo "2185"]
[BlackElo "2190"]
[PlyCount "75"]
[EventDate "2002.??.??"]
[EventType "corr"]
[SourceDate "2004.??.??"]

1. e4 c5 2. Nf3 Nc6 3. d4 cxd4 4. Nxd4 Nf6 5. Nc3 e6 6. Ndb5 d6 7. Bf4 e5 8.
Bg5 a6 9. Na3 b5 10. Nd5 Be7 11. Bxf6 Bxf6 12. c3 O-O 13. Nc2 Rb8 14. h4 Be7
15. Nce3 Be6 16. a4 Qd7 17. Bd3 Bd8 18. h5 Bg5 19. h6 g6 20. axb5 axb5 21. Qf3
f6 22. Qe2 Qb7 23. g3 Bxe3 24. fxe3 f5 25. O-O Nd8 26. Ra5 Qf7 27. Bxb5 Bxd5
28. exd5 Qe7 29. b4 Nf7 30. Qh2 Qg5 31. Re1 Nxh6 32. Qh4 Qxh4 33. gxh4 Ng4 34.
c4 f4 35. exf4 Rxf4 36. Ra6 Rd8 37. Rf1 Re4 38. Ra7 1/2-1/2

[Event "5MCR_4D_2L_3S"]
[Site "?"]
[Date "2002.??.??"]
[Round "?"]
[White "Strnad, Jiri"]
[Black "Nudcenko, Karel"]
[Result "0-1"]
[WhiteElo "2185"]
[BlackElo "1800"]
[PlyCount "28"]
[EventDate "2002.??.??"]
[EventType "corr"]
[SourceDate "2004.??.??"]

1. e4 e6 2. d4 d5 3. Nc3 Bb4 4. e5 c5 5. a3 Ba5 6. b4 cxd4 7. Nb5 Bc7 8. f4 Ne7
9. Nc3 dxc3 10. Qd4 O-O 11. Qxc3 Nbc6 12. Bd2 a6 13. Ne2 f6 14. Nd4 fxe5 0-1

[Event "5MCR_4D_2L_3S"]
[Site "?"]
[Date "2002.??.??"]
[Round "?"]
[White "Strnad, Jiri"]
[Black "Skalicky, Frantisek"]
[Result "1-0"]
[WhiteElo "2185"]
[BlackElo "2245"]
[PlyCount "71"]
[EventDate "2002.??.??"]
[EventType "corr"]
[SourceDate "2004.??.??"]

1. d4 Nf6 2. c4 e6 3. Nc3 Bb4 4. e3 O-O 5. Bd3 d5 6. Nf3 c5 7. O-O Nc6 8. a3
cxd4 9. exd4 dxc4 10. Bxc4 Be7 11. Re1 b6 12. Bf4 Bb7 13. Qd3 Rc8 14. Rad1 Na5
15. Ba2 Nd5 16. Bd2 Nxc3 17. Bxc3 Bf6 18. Ne5 Bd5 19. Bxd5 Qxd5 20. Ng4 Be7 21.
Re5 Qc4 22. Qf3 Nc6 23. Rh5 Rfd8 24. Ne3 Qa4 25. d5 exd5 26. Qh3 h6 27. Bxg7
Kxg7 28. Nf5+ Kf8 29. b3 Qf4 30. Rxh6 Ke8 31. Ng7+ Kf8 32. g3 Qxh6 33. Qxh6
Bxa3 34. Re1 Kg8 35. Qg5 Kh7 36. Ne6 1-0

[Event "5MCR_4D_2L_3S"]
[Site "?"]
[Date "2002.??.??"]
[Round "?"]
[White "Toman, Antonin"]
[Black "Bucek, Jiri"]
[Result "1/2-1/2"]
[WhiteElo "2045"]
[BlackElo "2200"]
[PlyCount "73"]
[EventDate "2002.??.??"]
[EventType "corr"]
[SourceDate "2004.??.??"]

1. c4 e5 2. Nc3 Nf6 3. g3 c6 4. Bg2 d5 5. cxd5 cxd5 6. Qb3 Nc6 7. Nxd5 Nd4 8.
Nxf6+ gxf6 9. Qd1 Qc7 10. Kf1 Be6 11. b3 Nc2 12. Rb1 Na3 13. Bxa3 Bxa3 14. d4
Rc8 15. Qd2 O-O 16. Be4 exd4 17. Kg2 Qd7 18. Qf4 Kg7 19. h3 Bd6 20. Qh4 f5 21.
Bd3 Be7 22. Qh5 h6 23. Nf3 Rc5 24. b4 Rc3 25. a4 Qd5 26. Rhd1 Bf6 27. b5 Rfc8
28. Ra1 R8c5 29. Rg1 Qd6 30. Kh1 Qc7 31. Rg2 Qc8 32. Nh4 Rc1+ 33. Rxc1 Rxc1+
34. Kh2 Rf1 35. Nxf5+ Bxf5 36. Qxf5 Qc1 37. g4 1/2-1/2

[Event "5MCR_4D_2L_3S"]
[Site "?"]
[Date "2002.??.??"]
[Round "?"]
[White "Toman, Antonin"]
[Black "Kucera, Petr"]
[Result "1-0"]
[WhiteElo "2240"]
[BlackElo "1800"]
[PlyCount "51"]
[EventDate "2002.??.??"]
[EventType "corr"]
[SourceDate "2004.??.??"]

1. d4 Nf6 2. c4 c5 3. d5 b5 4. cxb5 a6 5. bxa6 Bxa6 6. b3 g6 7. Bb2 Bg7 8. g3
d6 9. Bg2 O-O 10. Nh3 Nbd7 11. O-O Qc7 12. Re1 Rfb8 13. Nd2 Nb6 14. e4 Ra7 15.
Qc2 Nh5 16. Bxg7 Nxg7 17. f4 e6 18. dxe6 Nxe6 19. Nf3 c4 20. b4 Bb5 21. f5 Ng7
22. Nd4 Ba4 23. Qc3 Be8 24. Qe3 Nd7 25. Nc6 Qxc6 26. Qxa7 1-0

[Event "5MCR_4D_2L_3S"]
[Site "?"]
[Date "2002.??.??"]
[Round "?"]
[White "Toman, Antonin"]
[Black "Minovsky, Roman"]
[Result "1/2-1/2"]
[WhiteElo "2240"]
[BlackElo "2015"]
[PlyCount "51"]
[EventDate "2002.??.??"]
[EventType "corr"]
[SourceDate "2004.??.??"]

1. d4 Nf6 2. c4 e6 3. Nc3 d5 4. Bg5 Be7 5. e3 O-O 6. Nf3 Nbd7 7. Qc2 h6 8. Bf4
c5 9. dxc5 Nxc5 10. a3 Nce4 11. Be5 Nxc3 12. Bxc3 Bd7 13. Ne5 Qc7 14. Nxd7 Qxd7
15. cxd5 Nxd5 16. Bd4 Rac8 17. Qb3 Bc5 18. Bxc5 Rxc5 19. Be2 Rfc8 20. Rd1 Qc7
21. O-O Nf6 22. Rd2 b6 23. Rfd1 g6 24. Ba6 Rb8 25. Be2 Rc8 26. Ba6 1/2-1/2

[Event "5MCR_4D_2L_3S"]
[Site "?"]
[Date "2002.??.??"]
[Round "?"]
[White "Toman, Antonin"]
[Black "Necesany, Zdenek"]
[Result "0-1"]
[WhiteElo "2240"]
[BlackElo "2190"]
[PlyCount "118"]
[EventDate "2002.??.??"]
[EventType "corr"]
[SourceDate "2004.??.??"]

1. d4 Nf6 2. c4 e6 3. Nc3 Bb4 4. Bg5 h6 5. Bh4 c5 6. d5 Bxc3+ 7. bxc3 d6 8. e3
Qe7 9. Bd3 Nbd7 10. Ne2 Ne5 11. Bxf6 Qxf6 12. O-O Qh4 13. Nf4 Nxd3 14. Qxd3 e5
15. Ne2 O-O 16. a4 Bd7 17. a5 e4 18. Qc2 Rae8 19. Rab1 Bc8 20. Rfe1 Re5 21. Ng3
Rfe8 22. Rb2 R5e7 23. Qd2 f5 24. Rbb1 g6 25. Ne2 g5 26. Rbc1 f4 27. exf4 e3 28.
fxe3 Rxe3 29. Ng3 gxf4 30. Rxe3 fxe3 31. Qd3 Qg5 32. Re1 Re5 33. Nf1 Bf5 34.
Qe2 Bg4 35. Qd3 Bf5 36. Qe2 Bg4 37. Qd3 e2 38. Ng3 Kg7 39. Nxe2 Re8 40. h3 Bh5
41. Kf2 Qf6+ 42. Kg1 Qh4 43. Rb1 Rxe2 44. Rxb7+ Kf6 45. Kh2 Qf4+ 46. Qg3 Qxg3+
47. Kxg3 Re7 48. Rb8 Re4 49. Rf8+ Ke5 50. Rh8 Rxc4 51. Rxh6 Bf7 52. Rh7 Rxc3+
53. Kf2 Bxd5 54. Rxa7 Kf4 55. Re7 Rc2+ 56. Re2 Rxe2+ 57. Kxe2 Bxg2 58. h4 Kg4
59. a6 Kxh4 0-1

[Event "5MCR_4D_2L_3S"]
[Site "?"]
[Date "2002.??.??"]
[Round "?"]
[White "Toman, Antonin"]
[Black "Nudcenko, Karel"]
[Result "0-1"]
[WhiteElo "2240"]
[BlackElo "1800"]
[PlyCount "118"]
[EventDate "2002.??.??"]
[EventType "corr"]
[SourceDate "2004.??.??"]

1. d4 d5 2. c4 c6 3. e3 Nf6 4. Nc3 e6 5. Qc2 Nbd7 6. Bd2 Bd6 7. Nf3 O-O 8.
O-O-O c5 9. Kb1 a6 10. cxd5 exd5 11. dxc5 Nxc5 12. Nd4 b5 13. f3 Bd7 14. a3 b4
15. axb4 Ne6 16. Nxe6 Bxe6 17. Na4 Qe7 18. g4 Rfc8 19. Bc3 Bxb4 20. Rd4 Bxc3
21. Nxc3 Nd7 22. Bd3 Ne5 23. Bxh7+ Kf8 24. f4 Nf3 25. Rd3 Qh4 26. f5 Bd7 27.
Qb3 Qxh7 28. Nxd5 Bb5 29. Rdd1 Rd8 30. Nc7 Rab8 31. Rxd8+ Rxd8 32. Rd1 Qh4 33.
Nxb5 axb5 34. Rxd8+ Qxd8 35. Qxb5 Kg8 36. Qe2 Qd5 37. Qc2 Nd2+ 38. Kc1 Nc4 39.
e4 Qd4 40. Qe2 Ne3 41. h3 Qxe4 42. b3 Qf4 43. Kb2 Qg3 44. Ka3 Qxh3 45. Qb5 Nxg4
46. Qe8+ Kh7 47. Qxf7 Nf6 48. Qg6+ Kg8 49. Ka4 Qc3 50. b4 Qe5 51. Kb3 Nd5 52.
Qc6 Qe4 53. b5 Qxf5 54. Qc5 Qe6 55. Kc2 g5 56. Kd2 g4 57. Qd4 g3 58. b6 Nxb6
59. Qd8+ Kf7 0-1

[Event "5MCR_4D_2L_3S"]
[Site "?"]
[Date "2002.??.??"]
[Round "?"]
[White "Toman, Antonin"]
[Black "Strnad, Jiri"]
[Result "1-0"]
[WhiteElo "2045"]
[BlackElo "2185"]
[PlyCount "83"]
[EventDate "2002.??.??"]
[EventType "corr"]
[SourceDate "2004.??.??"]

1. d4 Nf6 2. c4 e6 3. Nc3 Bb4 4. Bg5 h6 5. Bh4 c5 6. d5 d6 7. e3 Bxc3+ 8. bxc3
e5 9. f3 Nbd7 10. Bd3 Qa5 11. Ne2 O-O 12. O-O Re8 13. Qc2 e4 14. fxe4 Ng4 15.
Qd2 Nge5 16. Bg3 b6 17. Bf4 Ba6 18. Ng3 Bxc4 19. Bxc4 Nxc4 20. Qf2 Nde5 21. Nf5
Qxc3 22. Qg3 Ng6 23. Bxh6 gxh6 24. Rac1 Qe5 25. Nxh6+ Kg7 26. Rxf7+ Kxh6 27.
Qh3+ Qh5 28. Rh7+ Kxh7 29. Qxh5+ Kg7 30. Rxc4 b5 31. Rc1 Rxe4 32. Rf1 Rf8 33.
Rxf8 Nxf8 34. h4 Re5 35. Qg4+ Kf7 36. h5 Ke8 37. h6 Re7 38. Qc8+ Kf7 39. Qf5+
Ke8 40. Qf6 Rd7 41. g4 c4 42. g5 1-0

[Event "5MCR_4D_2L_4S"]
[Site "?"]
[Date "2002.??.??"]
[Round "?"]
[White "Chvojka, Jaroslav"]
[Black "Glaser, Karel"]
[Result "1/2-1/2"]
[WhiteElo "2125"]
[BlackElo "2025"]
[PlyCount "125"]
[EventDate "2002.??.??"]
[EventType "corr"]
[SourceDate "2004.??.??"]

1. d4 Nf6 2. c4 e6 3. Nc3 Bb4 4. a3 Be7 5. e4 d6 6. Nf3 O-O 7. Bd3 Nbd7 8. e5
dxe5 9. dxe5 Nc5 10. Bc2 Qxd1+ 11. Nxd1 Nfd7 12. b4 Na6 13. O-O Nab8 14. Re1 c5
15. Bg5 Bxg5 16. Nxg5 h6 17. Nf3 Nc6 18. b5 Na5 19. Nb2 a6 20. a4 Rd8 21. Rad1
b6 22. Rd6 axb5 23. axb5 Kf8 24. Rdd1 Ke7 25. Nd2 Bb7 26. f3 f5 27. exf6+ gxf6
28. Na4 Rab8 29. f4 Nf8 30. Nxb6 Bxg2 31. Nb3 Rxd1 32. Bxd1 Nxb3 33. Bxb3 Rxb6
34. Kxg2 Rd6 35. Rd1 Nd7 36. Rxd6 Kxd6 37. Bd1 Nb6 38. Be2 e5 39. fxe5+ Kxe5
40. Kf3 f5 41. Ke3 Nd7 42. h3 f4+ 43. Kd3 Nb6 44. Bd1 Kf5 45. Bf3 Ke5 46. Bd1
Kf5 47. Bf3 Ke5 48. Bh5 Na4 49. Bf7 Nb6 50. Bg8 Kf5 51. Ke2 Ke5 52. Kf3 Kf5 53.
Bh7+ Ke5 54. Bd3 Kd4 55. Bf1 Ke5 56. Be2 Kf5 57. Bd3+ Ke5 58. h4 Kd4 59. Be2
Ke5 60. Bd3 Kd4 61. Be2 Ke5 62. Bf1 Kf5 63. Bd3+ 1/2-1/2

[Event "5MCR_4D_2L_4S"]
[Site "?"]
[Date "2002.??.??"]
[Round "?"]
[White "Chvojka, Jaroslav"]
[Black "Jirku, Jaroslav"]
[Result "0-1"]
[WhiteElo "2125"]
[BlackElo "2225"]
[PlyCount "116"]
[EventDate "2002.??.??"]
[EventType "corr"]
[SourceDate "2004.??.??"]

1. d4 d5 2. c4 e6 3. Nc3 Nf6 4. Bg5 Be7 5. e3 O-O 6. Nf3 h6 7. Bh4 Ne4 8. Bxe7
Qxe7 9. Bd3 Nxc3 10. bxc3 dxc4 11. Bxc4 Nd7 12. Bd3 b6 13. Be4 Rb8 14. Bc6 Bb7
15. Bxb7 Rxb7 16. O-O c5 17. c4 Rc7 18. Rc1 Rfc8 19. Qb3 cxd4 20. exd4 e5 21.
Rfe1 f6 22. Nh4 Qe6 23. Ng6 Qf7 24. Qd3 Re8 25. dxe5 fxe5 26. Qd6 Rc5 27. Rcd1
Ra5 28. Re2 Kh7 29. Qxd7 Qxd7 30. Rxd7 Kxg6 31. f3 Rc8 32. Rd6+ Kf7 33. Rd5
Rcc5 34. Rexe5 Rxd5 35. cxd5 Rxa2 36. d6 a6 37. Rd5 Ke8 38. Re5+ Kd7 39. Re7+
Kxd6 40. Rxg7 a5 41. Rg6+ Kc5 42. Rxh6 a4 43. Rh5+ Kc4 44. Rh4+ Kb3 45. Re4 a3
46. Re3+ Ka4 47. Re4+ Ka5 48. h4 Ra1+ 49. Kf2 a2 50. g4 Rh1 51. Re8 a1=Q 52.
Ra8+ Kb5 53. Rxa1 Rxa1 54. g5 Kc5 55. g6 Kd6 56. g7 Ra8 57. h5 Ke7 58. h6 Kf7
0-1

[Event "5MCR_4D_2L_4S"]
[Site "?"]
[Date "2002.??.??"]
[Round "?"]
[White "Chvojka, Jaroslav"]
[Black "Martinec, Tomas"]
[Result "0-1"]
[WhiteElo "2125"]
[BlackElo "2000"]
[PlyCount "94"]
[EventDate "2002.??.??"]
[EventType "corr"]
[SourceDate "2004.??.??"]

1. d4 d5 2. c4 c6 3. Nf3 Nf6 4. e3 Bf5 5. Qb3 Qb6 6. cxd5 Qxb3 7. axb3 Nxd5 8.
Bc4 e6 9. O-O Nd7 10. Nc3 Bg6 11. Bd2 Be7 12. Rfc1 a6 13. Ne2 O-O 14. Ng3 Rfd8
15. Ba5 b6 16. Bd2 a5 17. e4 Nb4 18. Be2 Rac8 19. h4 h6 20. Bxb4 Bxb4 21. Ba6
Rc7 22. Bb5 Nb8 23. Bc4 Bh7 24. Bb5 Rcc8 25. Bc4 c5 26. Rd1 cxd4 27. Nxd4 Rd7
28. e5 Rcd8 29. Nge2 Nc6 30. Bb5 Rxd4 31. Nxd4 Nxd4 32. Rac1 Bc5 33. Kf1 Rd5
34. b4 axb4 35. Ba6 Bf5 36. Bb7 Rxe5 37. Rc4 Nb3 38. Rd8+ Kh7 39. Rf4 Be7 40.
Rd1 Nc5 41. Bf3 Bd3+ 42. Kg1 Bc2 43. Rc1 b3 44. Rxf7 Bxh4 45. Ra1 Nd3 46. Bg4
Bf6 47. Rf8 Nxb2 0-1

[Event "5MCR_4D_2L_4S"]
[Site "?"]
[Date "2002.??.??"]
[Round "?"]
[White "Chvojka, Jaroslav"]
[Black "Panuska, Vladimir"]
[Result "1/2-1/2"]
[WhiteElo "2125"]
[BlackElo "1800"]
[PlyCount "113"]
[EventDate "2002.??.??"]
[EventType "corr"]
[SourceDate "2004.??.??"]

1. d4 Nf6 2. c4 g6 3. Nc3 Bg7 4. e4 d6 5. Bd3 e5 6. d5 O-O 7. Bg5 h6 8. Be3 Ng4
9. Bd2 Na6 10. Nf3 Nf6 11. O-O c6 12. a3 Nc5 13. Bc2 cxd5 14. cxd5 a5 15. Qc1
Bg4 16. Bxh6 Bxf3 17. gxf3 Qd7 18. Kg2 b5 19. Be3 Rfc8 20. Qd2 b4 21. axb4 axb4
22. Ne2 Qb5 23. Rxa8 Rxa8 24. Rc1 Nfd7 25. Rg1 Nb6 26. b3 Nbd7 27. Nc1 Ra3 28.
f4 exf4 29. Bxf4 Qb6 30. Qe2 Ra1 31. Bd2 Ra8 32. Qc4 Na6 33. Nd3 Ne5 34. Nxe5
Bxe5 35. Bb1 Rb8 36. Be3 Qb7 37. Bd3 Nc5 38. Bxc5 dxc5 39. Qxc5 Rc8 40. Qe3 Rc3
41. Rb1 Qe7 42. Rf1 Rxb3 43. f4 Bb8 44. e5 Rb2+ 45. Kh1 Ba7 46. Qg3 Qc5 47.
Bxg6 fxg6 48. Qxg6+ Kf8 49. Qf5+ Kg7 50. e6 Qc2 51. Qxc2 Rxc2 52. Re1 Kf8 53.
d6 Rd2 54. Ra1 Rxd6 55. Rxa7 Rxe6 56. Rb7 Re4 57. f5 1/2-1/2

[Event "5MCR_4D_2L_4S"]
[Site "?"]
[Date "2002.??.??"]
[Round "?"]
[White "Chvojka, Jaroslav"]
[Black "Rubes, Zdenek"]
[Result "1-0"]
[WhiteElo "2040"]
[BlackElo "2075"]
[PlyCount "95"]
[EventDate "2002.??.??"]
[EventType "corr"]
[SourceDate "2004.??.??"]

1. d4 Nf6 2. c4 g6 3. Nc3 Bg7 4. e4 d6 5. Nf3 O-O 6. Be3 e5 7. Be2 Nc6 8. d5
Ne7 9. Nd2 Ne8 10. Qb3 f5 11. Bg5 h6 12. Bxe7 Qxe7 13. exf5 gxf5 14. O-O-O c5
15. Rde1 Rb8 16. h4 Bd7 17. Kb1 b5 18. cxb5 a6 19. b6 Nc7 20. a4 Rb7 21. Nc4
Rfb8 22. Qc2 Na8 23. a5 e4 24. f3 Bb5 25. fxe4 Bxc4 26. Bxc4 Nxb6 27. axb6 Rxb6
28. b3 Qe5 29. exf5 Qxc3 30. Qxc3 Bxc3 31. Re6 Kf7 32. Rxh6 Rg8 33. Kc2 Bd4 34.
Rg6 Rxg6 35. fxg6+ Kxg6 36. g4 a5 37. Bd3+ Kh6 38. g5+ Kh5 39. Be2+ Kg6 40. Rh2
Rb8 41. Rg2 Kf5 42. h5 Rg8 43. g6 Kf6 44. Bd1 Kg7 45. Re2 Be5 46. Rf2 Bf6 47.
Kd3 Re8 48. h6+ 1-0

[Event "5MCR_4D_2L_4S"]
[Site "?"]
[Date "2002.??.??"]
[Round "?"]
[White "Chvojka, Jaroslav"]
[Black "Veselsky, Michal"]
[Result "0-1"]
[WhiteElo "2125"]
[BlackElo "1870"]
[PlyCount "138"]
[EventDate "2002.??.??"]
[EventType "corr"]
[SourceDate "2004.??.??"]

1. d4 Nf6 2. c4 g6 3. Nc3 d5 4. Qb3 dxc4 5. Qxc4 Bg7 6. Bf4 c6 7. Nf3 O-O 8. e4
Qb6 9. b3 Be6 10. Qa4 Nbd7 11. Rc1 a5 12. Ng5 Qb4 13. Rc2 c5 14. Qxb4 axb4 15.
Nb5 cxd4 16. f3 Rfc8 17. Rxc8+ Rxc8 18. Nxd4 Nxe4 19. Ndxe6 Bc3+ 20. Ke2 Nef6
21. Kf2 h6 22. Ne4 Nxe4+ 23. fxe4 fxe6 24. Bc4 Kf7 25. Bxh6 Ne5 26. Be2 Ra8 27.
Kg3 Rxa2 28. Rf1+ Kg8 29. Bd1 Nd3 30. Rf8+ Kh7 31. Be3 Kg7 32. Rf1 Rb2 33. Bg4
Be5+ 34. Kh3 Rxb3 35. g3 Rc3 36. Bxe6 Bf6 37. Rb1 b6 38. Rb3 Be5 39. Bd5 Kf6
40. Rb1 e6 41. Rf1+ Ke7 42. Ba2 Nc5 43. Bh6 b3 44. Bb1 b2 45. Kh4 Nb3 46. Kh3
Rc1 47. Kg2 Rxf1 48. Kxf1 Nd4 49. Be3 Nb5 50. Bxb6 Nc3 51. Bd3 Kd6 52. Ba7 Kc6
53. Be3 b1=R+ 54. Bxb1 Nxb1 55. Ke2 Nc3+ 56. Kd3 Nd1 57. Bd4 Nb2+ 58. Ke3 Nc4+
59. Kd3 Kb5 60. Bf2 Nb2+ 61. Ke2 Kc4 62. Be3 Na4 63. Kf3 Kd3 64. Bf4 Bf6 65. e5
Bd8 66. Kg4 Ke4 67. Bg5 Bc7 68. Bf6 Bxe5 69. Kg5 Nc5 0-1

[Event "5MCR_4D_2L_4S"]
[Site "?"]
[Date "2002.??.??"]
[Round "?"]
[White "Cihal, Jan"]
[Black "Chvojka, Jaroslav"]
[Result "1/2-1/2"]
[WhiteElo "2202"]
[BlackElo "2125"]
[PlyCount "144"]
[EventDate "2002.??.??"]
[EventType "corr"]
[SourceDate "2004.??.??"]

1. e4 c6 2. d4 d5 3. Nc3 dxe4 4. Nxe4 Bf5 5. Ng3 Bg6 6. Bc4 Nf6 7. N1e2 e6 8.
O-O Bd6 9. f4 Qd7 10. Bd3 Bxd3 11. Qxd3 g6 12. b3 Na6 13. Bb2 O-O-O 14. a3 h5
15. Rad1 h4 16. Ne4 Nxe4 17. Qxe4 h3 18. g3 Be7 19. c4 Bf6 20. b4 Nc7 21. Rc1
Kb8 22. Rc2 Ne8 23. Qf3 Nd6 24. Rd1 b5 25. cxb5 cxb5 26. Bc3 Nc4 27. d5 Bxc3
28. Nxc3 Qb7 29. a4 Qb6+ 30. Rf2 bxa4 31. Nxa4 Qxb4 32. Nc3 Nb6 33. Rb1 Qd4 34.
Nb5 Qc5 35. d6 Rh5 36. g4 Rh4 37. Nc7 Kc8 38. Na6 Qxd6 39. Rc1+ Kd7 40. Nc5+
Ke7 41. Nb7 Qd5 42. Nxd8 Qxf3 43. Rxf3 Rxg4+ 44. Rg3 Rxg3+ 45. hxg3 Kxd8 46.
Kh2 f6 47. Kxh3 Kd7 48. Kg2 a5 49. Kf3 a4 50. Ke4 Kd6 51. Kd4 e5+ 52. fxe5+
fxe5+ 53. Kd3 Kd5 54. Rc7 e4+ 55. Kc3 a3 56. Rg7 Na4+ 57. Kb3 Nc5+ 58. Kc3 e3
59. Ra7 e2 60. Kd2 Nb3+ 61. Ke1 Nd4 62. Ra5+ Kc6 63. Ra4 Kc5 64. Ra5+ Kb4 65.
Ra8 Kb3 66. Rb8+ Kc2 67. Ra8 Kb2 68. Rb8+ Kc3 69. Ra8 Kb3 70. Rb8+ Kc4 71. Ra8
Kb4 72. Kd2 g5 1/2-1/2

[Event "5MCR_4D_2L_4S"]
[Site "?"]
[Date "2002.??.??"]
[Round "?"]
[White "Cihal, Jan"]
[Black "Jirku, Jaroslav"]
[Result "0-1"]
[WhiteElo "2020"]
[BlackElo "2225"]
[PlyCount "42"]
[EventDate "2002.??.??"]
[EventType "corr"]
[SourceDate "2004.??.??"]

1. e4 e5 2. Nf3 Nf6 3. Nxe5 d6 4. Nxf7 Kxf7 5. d4 c5 6. Bc4+ d5 7. exd5 b5 8.
Bxb5 Qxd5 9. Be2 cxd4 10. O-O Nc6 11. b3 Be6 12. Nd2 Qd7 13. Nf3 Bd6 14. Re1
Rhe8 15. Bb5 Bd5 16. Bb2 Rxe1+ 17. Nxe1 Rd8 18. Bxd4 Qc7 19. c3 Nxd4 20. cxd4
Bxh2+ 21. Kh1 Qf4 0-1

[Event "5MCR_4D_2L_4S"]
[Site "?"]
[Date "2002.??.??"]
[Round "?"]
[White "Cihal, Jan"]
[Black "Martinec, Tomas"]
[Result "0-1"]
[WhiteElo "2020"]
[BlackElo "2000"]
[PlyCount "44"]
[EventDate "2002.??.??"]
[EventType "corr"]
[SourceDate "2004.??.??"]

1. e4 d6 2. d4 Nf6 3. Nc3 g6 4. Be3 Bg7 5. Qd2 c6 6. f3 b5 7. a3 Nbd7 8. g4 h6
9. h4 Nb6 10. b3 a5 11. d5 b4 12. Bxb6 Qxb6 13. axb4 Bb7 14. dxc6 axb4 15. Na4
Nxe4 16. Nxb6 Rxa1+ 17. Ke2 Ba6+ 18. Ke3 Nxd2 19. Bxa6 Kd8 20. Bd3 Nf1+ 21.
Bxf1 Rxf1 22. Nd5 Rd1 0-1

[Event "5MCR_4D_2L_4S"]
[Site "?"]
[Date "2002.??.??"]
[Round "?"]
[White "Cihal, Jan"]
[Black "Panuska, Vladimir"]
[Result "0-1"]
[WhiteElo "2020"]
[BlackElo "1800"]
[PlyCount "38"]
[EventDate "2002.??.??"]
[EventType "corr"]
[SourceDate "2004.??.??"]

1. e4 e5 2. Nf3 Nc6 3. d4 exd4 4. Nxd4 Bc5 5. Be3 Qf6 6. c3 Nge7 7. Bc4 Ne5 8.
Bb3 d6 9. Qe2 O-O 10. Nd2 N7g6 11. g3 Bg4 12. Qf1 Bxd4 13. Bxd4 Nf3+ 14. Nxf3
Qxf3 15. Kd2 c5 16. Be3 Qxe4 17. Bc2 Qc6 18. f4 Qd5+ 19. Qd3 Qg2+ 0-1

[Event "5MCR_4D_2L_4S"]
[Site "?"]
[Date "2002.??.??"]
[Round "?"]
[White "Cihal, Jan"]
[Black "Rubes, Zdenek"]
[Result "1-0"]
[WhiteElo "2020"]
[BlackElo "2075"]
[PlyCount "53"]
[EventDate "2002.??.??"]
[EventType "corr"]
[SourceDate "2004.??.??"]

1. e4 c5 2. f4 g6 3. Nf3 Bg7 4. d3 Nc6 5. Be2 e6 6. O-O Nge7 7. c3 O-O 8. Be3
d6 9. Na3 b6 10. d4 Bb7 11. dxc5 dxc5 12. Qe1 a6 13. Nc4 Nc8 14. Rd1 Qc7 15.
Qh4 Qe7 16. Qh3 b5 17. Ncd2 Nb6 18. e5 Nd5 19. Ng5 h6 20. Nge4 Nxe3 21. Qxe3 c4
22. Nd6 b4 23. N2xc4 bxc3 24. bxc3 Rab8 25. Bf3 Ba8 26. Nb6 Qa7 27. Ndc4 1-0

[Event "5MCR_4D_2L_4S"]
[Site "?"]
[Date "2002.??.??"]
[Round "?"]
[White "Cihal, Jan"]
[Black "Veselsky, Michal"]
[Result "1-0"]
[WhiteElo "2020"]
[BlackElo "1870"]
[PlyCount "119"]
[EventDate "2002.??.??"]
[EventType "corr"]
[SourceDate "2004.??.??"]

1. e4 e5 2. Nf3 Nc6 3. d4 exd4 4. Nxd4 Nf6 5. Nxc6 bxc6 6. e5 Qe7 7. Qe2 Nd5 8.
c4 Ba6 9. Nd2 Nf4 10. Qe3 Ne6 11. Be2 Qc5 12. Nb3 Qxe3 13. Bxe3 Bb4+ 14. Kf1
O-O 15. Rd1 Bc8 16. c5 a5 17. a3 a4 18. Nd4 Nxd4 19. Bxd4 Ba5 20. h4 Rd8 21.
Be3 Re8 22. h5 Rb8 23. Rh4 Rxb2 24. Rxa4 Bc3 25. f4 f6 26. Bc4+ Kf8 27. Rc1 Bd2
28. Bxd2 Rxd2 29. exf6 gxf6 30. Ra7 Rd4 31. Kg1 Rxf4 32. Bd3 Kg7 33. Ra8 Rg8
34. Re1 f5 35. Re7+ Kf6 36. Rxh7 Re8 37. Ba6 Re1+ 38. Kh2 Bxa6 39. Rf8+ Kg5 40.
Rg8+ Kf6 41. Rg6+ Ke5 42. Re7+ Kd5 43. Rxe1 Rh4+ 44. Kg3 Rxh5 45. Re7 Kxc5 46.
Rxd7 Bc4 47. Kf4 Bd5 48. g3 Rh1 49. Kxf5 Ra1 50. g4 Rxa3 51. g5 Rf3+ 52. Kg4
Rd3 53. Rxc7 Rd1 54. Rh6 Re1 55. Kf5 Rf1+ 56. Ke5 Rg1 57. g6 Re1+ 58. Kf6 Rf1+
59. Kg7 Rg1 60. Rc8 1-0

[Event "5MCR_4D_2L_4S"]
[Site "?"]
[Date "2002.??.??"]
[Round "?"]
[White "Glaser, Karel"]
[Black "Cihal, Jan"]
[Result "1/2-1/2"]
[WhiteElo "2025"]
[BlackElo "2020"]
[PlyCount "72"]
[EventDate "2002.??.??"]
[EventType "corr"]
[SourceDate "2004.??.??"]

1. e4 c6 2. d4 d5 3. Nc3 dxe4 4. Nxe4 Bf5 5. Ng3 Bg6 6. Nf3 Nd7 7. h4 h5 8. Bc4
e6 9. Qe2 Ngf6 10. Bf4 Nd5 11. Bxd5 cxd5 12. c3 Qc8 13. O-O Be7 14. Rfe1 Qc6
15. Rad1 Rc8 16. Bg5 Bd6 17. Ne5 Nxe5 18. dxe5 Bc5 19. Be3 Be7 20. Rd4 a6 21.
Bg5 Bxg5 22. hxg5 h4 23. Nf1 h3 24. gxh3 Rxh3 25. Kg2 Rh7 26. Ng3 Ke7 27. Rh1
Rxh1 28. Kxh1 Kd7 29. Kg1 Kc7 30. c4 Kb8 31. cxd5 exd5 32. Qd2 Rd8 33. b4 Ka8
34. Qf4 Re8 35. a3 Qe6 36. Qd2 Qxe5 1/2-1/2

[Event "5MCR_4D_2L_4S"]
[Site "?"]
[Date "2002.??.??"]
[Round "?"]
[White "Glaser, Karel"]
[Black "Jina, Jiri"]
[Result "1-0"]
[WhiteElo "2025"]
[BlackElo "2185"]
[PlyCount "63"]
[EventDate "2002.??.??"]
[EventType "corr"]
[SourceDate "2004.??.??"]

1. e4 e5 2. Nf3 Nf6 3. Nxe5 d6 4. Nf3 Nxe4 5. d4 d5 6. Bd3 Be7 7. O-O Nc6 8. c4
Nb4 9. Be2 O-O 10. Nc3 Be6 11. Ne5 f6 12. Nf3 c5 13. Be3 f5 14. dxc5 dxc4 15.
Nd4 Qc8 16. Nxe6 Qxe6 17. Nxe4 fxe4 18. Rc1 Nd3 19. Qa4 Nxb2 20. Qb4 Bf6 21.
Rxc4 Rfe8 22. Rc2 Nd3 23. Qxb7 Reb8 24. Qc7 Be5 25. Qa5 Rd8 26. Qa4 Kh8 27. f3
exf3 28. Bxf3 Rab8 29. Re2 Rb2 30. Rxb2 Bxb2 31. Be4 Qe7 32. c6 1-0

[Event "5MCR_4D_2L_4S"]
[Site "?"]
[Date "2002.??.??"]
[Round "?"]
[White "Glaser, Karel"]
[Black "Marecek, Vladislav"]
[Result "1/2-1/2"]
[WhiteElo "2025"]
[BlackElo "1800"]
[PlyCount "61"]
[EventDate "2002.??.??"]
[EventType "corr"]
[SourceDate "2004.??.??"]

1. e4 e5 2. Nf3 Nf6 3. Nxe5 d6 4. Nf3 Nxe4 5. d4 d5 6. Bd3 Be7 7. c4 Nc6 8. O-O
Nb4 9. Be2 O-O 10. Nc3 Be6 11. Ne5 f6 12. Nf3 c6 13. c5 Qd7 14. a3 Na6 15. Re1
Rfe8 16. Bd3 Nxc3 17. bxc3 Bf5 18. Rb1 Bxd3 19. Qxd3 Bf8 20. Rxe8 Rxe8 21. Bf4
g6 22. h3 Qf7 23. Qd2 Re7 24. Bg3 Rd7 25. Rb2 Re7 26. Qc2 Rd7 27. Bf4 Re7 28.
Qd3 Rd7 29. Nd2 Re7 30. Rb1 Rd7 31. Be3 1/2-1/2